| 000 | 00831njm a2200277Ia 4500 | ||
|---|---|---|---|
| 001 | 21069 | ||
| 003 | IT-RoPAU | ||
| 005 | 20220918181158.0 | ||
| 008 | 131025s9999 xx 000 0 und d | ||
| 040 | _aIT-RoPAU | ||
| 040 | _cIT-RoPAU | ||
| 999 |
_c102763 _d102763 |
||
| 999 | _bn.d. | ||
| 100 |
_aRavel Maurice _94725 |
||
| 100 |
_eAutore musica _94726 |
||
| 100 |
_gCodice autore musica SPICS: 2180 _94727 |
||
| 245 | _aEnfant et les sortileges (L') | ||
| 250 | _a1a ed. | ||
| 260 | _aROMA | ||
| 260 |
_bSPICS RECORDS _c1982 [1a Ed.:1982 - Ed. Lingua Orig.: 1925] |
||
| 300 | _aMUSICASSETTA | ||
| 500 | _aMusica lirica. Musica classica | ||
| 505 | _aFantasia lirica in due atti di Colette | ||
| 511 | _aOrchestra Sinfonica e Coro di Roma della Rai | ||
| 650 |
_aOPERA LIRICA [CASSETTE] _eCodice MATERIA SPICS: 9951 _94728 |
||
| 942 |
_cMC _2ddc |
||